000 00659nam a22002292a 4500
001 21375
003 BD-RjUL
005 20211209000658.0
008 140304s1959 enk 000 1 eng d
035 _aOCLC ocm15340951 from D950315M
_a(BD-RjUL)21439
040 _aIXA
_cIXA
_dOCL
_dUKM
_dEQO
_dBD-RjUL
_beng
041 _aeng
082 0 0 _a821.008
_218
_bSMB 1959
090 _aPR1173
_b.S597 1959
100 1 _aSmyth, William Maclurg.
_966069
245 0 2 _aA book of poetry /
_cSelected by W.M. Smyth
260 _aLondon :
_bEdward Arnold,
_c1959.
300 _a383 p. ;
_c20 cm
650 0 _aEnglish poetry
_966070
942 _2ddc
_cBK
999 _c21375
_d21375